Losowi prezydenci USA według zdjęcia - Statystyki

Ogólne statystyki
  • Ten quiz został rozwiązany 24 razy
  • Średni wynik to 5 z 9
Statystyki odpowiedzi
Obrazkowy Odpowiedź % Poprawnych
Abraham Lincoln
100%
Barack Obama
100%
Bill Clinton
100%
Chester A. Arthur
100%
Donald Trump
100%
Dwight D. Eisenhower
100%
Franklin D. Roosevelt
100%
George W. Bush
100%
James Garfield
100%
Joe Biden
100%
John F. Kennedy
100%
Ronald Reagan
100%
Ulysses S. Grant
100%
William Taft
100%
George H.W. Bush
80%
Jimmy Carter
75%
Lyndon B. Johnson
75%
Calvin Coolidge
67%
Richard Nixon
67%
William McKinley
67%
Harry Truman
50%
Herbert Hoover
50%
Jerzy Waszyngton
50%
Thomas Jefferson
50%
Warren Harding
50%
Woodrow Wilson
50%
William Henry Harrison
40%
Grover Cleveland
33%
Rutherford B. Hayes
33%
James K. Polk
25%
James Madison
25%
John Adams
25%
John Quincy Adams
20%
John Tyler
17%
Andrew Jackson
0%
Andrew Johnson
0%
Benjamin Harrison
0%
Franklin Pierce
0%
Gerald R. Ford
0%
James Buchanan
0%
James Monroe
0%
Martin Van Buren
0%
Millard Fillmore
0%
Theodore Roosevelt
0%
Zachary Taylor
0%
Nie znaleziono quizów pasujących do podanych kryteriów
Rozkład punktacji
Procent ludzi z każdym wynikiem
Percentyl według liczby udzielonych odpowiedzi
Twoja historia wyników
Nie rozwiązałeś tego quizu